000 004610000a22001810004500
003 MACL
005 20150902153025.0
008 150902b xxu||||| |||| 00| 0 eng d
040 _aMACL
_cMACL
041 _aEnglish
082 _a800/SIN
100 _aSingh, Gurbhagat
_98650
245 _aLiterature And Folklore After Poststructuralism
260 _bAjanta Publications
_c1991
_aDelhi
350 _a150
650 _aLiterature
_98651
942 _cBK
_k800
_2ddc
999 _c4926
_d4926